Central Library OPAC University of Rajshahi
Normal view MARC view

Entry Personal Name

Number of records used in: 1

001 - CONTROL NUMBER

  • control field: 6955

003 - CONTROL NUMBER IDENTIFIER

  • control field: BD-RjUL

005 - DATE AND TIME OF LATEST TRANSACTION

  • control field: 20230213101032.0

008 - FIXED-LENGTH DATA ELEMENTS

  • fixed length control field: 230213|| aca||aabn | a|a d

040 ## - CATALOGING SOURCE

  • Original cataloging agency: BD-RjUL
  • Transcribing agency: BD-RjUL

100 ## - HEADING--PERSONAL NAME

  • Personal name: Alam, Md. Rahimul

670 ## - SOURCE DATA FOUND

  • Source citation: Work cat.: (BD-RjUL)81212: Alam, Md. Rahimul, Diversity Estimate and Selection Study of Sugarcane Hybrids Suitable for Agro-Climatic Condition of the North-Western Zone of the Country /, 2012